000 00294nam a22001337a 4500
008 170629b xxu||||| |||| 00| 0 eng d
020 _a9780195143386
041 _aeng
080 _26TH
_a82
100 _a22
101 _aGJL
245 _aCLASSICAL MYTHOLOGY
_cMORFORD,M.P
942 _2udc
_cBK
999 _c19501
_d19501